ロード中...
Manganese /
| 第一著者: | |
|---|---|
| 言語: | Undetermined |
| 出版事項: |
1965.
|
| シリーズ: | Metallurgy of the rarer metals ed by H M Finniston,3
|
| LEADER | 00419nam a2200133Ia 4500 | ||
|---|---|---|---|
| 001 | 22122 | ||
| 008 | 170722s9999 xx 000 0 und d | ||
| 100 | |a Sully, Ah | ||
| 245 | |a Manganese / | ||
| 260 | |c 1965. | ||
| 490 | |a Metallurgy of the rarer metals ed by H M Finniston,3 | ||
| 942 | |c GEN | ||
| 999 | |c 65680 |d 65680 | ||
| 952 | |0 1 |1 0 |4 0 |6 F_172_000000000000000_J5 |7 0 |9 93327 |a LIB |b LIB |d 2017-08-12 |o F172 J5 |p 106255 |r 2017-08-12 |w 2017-08-12 |y GEN | ||